Monologue d'Otis Astérix et Obélix mission cléopatre - Statistiques

Statistiques générales
  • Ce quiz a été pris 41 fois
  • Le résultat moyen est 153 sur 219
Statistiques - réponses
% Correct
je
100%
Je
100%
n'
100%
ne
100%
à
97%
a
97%
de
97%
l'
97%
ma
97%
m'a
97%
ou
97%
97%
pas
97%
pas,
97%
qu'
97%
si
97%
vous
97%
vous,
97%
bonne
93%
crois
93%
des
93%
mauvaise
93%
qui
93%
y
93%
ait
90%
la
90%
là,
90%
vie
90%
vie,
90%
vie...
90%
ce
86%
devais
86%
mon
86%
qu’il
86%
rencontres,
86%
rencontres
86%
savez
86%
gens
83%
moi
83%
Moi,
83%
moi.
83%
que
83%
situation.
83%
c’est
79%
c'est
79%
dirais
79%
dirais,
79%
main,
79%
moment
79%
tendu
79%
un
79%
est
76%
Et
76%
et
76%
le
76%
Mais
76%
« Mais
76%
mais
76%
m'ont
76%
-tu
76%
au
72%
avec
72%
me
72%
pouvais
72%
résumer
72%
se
69%
d’abord
66%
dis
66%
don,
66%
don
66%
aujourd’hui
62%
aujourd'hui
62%
chante
62%
danse
62%
en
62%
merci
62%
merci,
62%
on
62%
pour
59%
soi
59%
une
59%
cette
55%
comme
55%
suis
55%
amour !
52%
amour,
52%
bien
52%
dire
52%
les
52%
comment
48%
construction
48%
fais
48%
faite,
48%
goût
48%
j’étais
48%
peut-être
48%
seul
48%
Alors
45%
avoir
45%
cas,
45%
chez
45%
chose,
45%
chose
45%
leur
45%
quand
45%
sait,
45%
demain,
41%
entreprendre
41%
lui
41%
pu ;
41%
communauté,
38%
contraire,
38%
face
38%
humanité ? »
38%
j’ai
38%
mécanique,
38%
miroir
38%
service
38%
assez
34%
disent :
34%
mettre
34%
réponds
34%
beau
31%
destinée…
31%
disais
31%
faire
31%
forgent
31%
interlocuteur
31%
poussé
31%
trouve
31%
curieux
28%
geste,
28%
hasards,
28%
parfois
28%
puisque
28%
aide
24%
Eh
24%
Parceque
24%
simplement,
24%
simplement
24%
très
24%
avancer.
21%
beaucoup
21%
donc
21%
finalement,
21%
Aucun quiz correspondant
Distribution des résultats
% des personnes avec chaque résultat
Percentile par nombre de réponses
Votre historique - résultats
Vous n’avez pas pris ce quiz